000 00587nam a2200217 a 4500
001 BRL_548
005 20190320210809.0
008 020913s1989----sp-a######---#000-0#spa-#
020 _a8437813492
041 _aspa
044 _asp
050 4 _aNA5811.T6
_b.C33 1989
100 1 _aCabrera y Delgado, Antonio
_924263
245 1 0 _aCatedral de Toledo
_cTexto: Antonio Cabrera y Delgado
260 _aBarcelona (EspaƱa)
_bEditoriao Escudo de Oro
_c1989
300 _a159 p.
_bil.
_c20 cm.
500 _aAu566
610 2 4 _aCatedral de Toledo
_924264
902 _aGRL
942 _2lcc
_cB
999 _c9360
_d9360